[Event "Niederbayernliga 0304"]
[Site "Germany"]
[Date "2004.??.??"]
[Round "9"]
[White "Doerfler, Egon"]
[Black "Loderbauer, Gerhard"]
[Result "1/2-1/2"]
[WhiteElo "1748"]
[BlackElo "1810"]
[PlyCount "44"]
[EventDate "2003.??.??"]
[EventType "team"]
[EventRounds "9"]
[EventCountry "GER"]
[SourceTitle "EXT 2008"]
[Source "ChessBase"]
[SourceDate "2007.11.25"]
[SourceVersion "1"]
[SourceVersionDate "2007.11.25"]
[SourceQuality "1"]
[WhiteTeam "Deggendorf"]
[BlackTeam "Passau II"]
[WhiteTeamCountry "GER"]
[BlackTeamCountry "GER"]

1. e4 d6 2. d4 Nf6 3. Nd2 g6 4. c3 Bg7 5. f4 0-0 6. h3 c5 7. Ngf3 cxd4 8. cxd4 Nc6 9. Bd3 Nh5 10. Nb3 Ng3 11. Rg1 e5 12. fxe5 dxe5 13. d5 Nd4 14. Nbxd4 exd4 15. Kf2 Nh5 16. Qa4 Qd6 17. g4 Nf4 18. Bxf4 Qxf4 19. Rae1 Qd6 20. Qc4 Re8 21. Re2 Bd7 22. Qb3 b6 1/2-1/2

[Event "Niederbayernliga 0203"]
[Site "Germany"]
[Date "2003.??.??"]
[Round "7.8"]
[White "Gerl, Hans Peter"]
[Black "Doerfler, Egon"]
[Result "1/2-1/2"]
[WhiteElo "1638"]
[BlackElo "1788"]
[PlyCount "35"]
[EventDate "2002.??.??"]
[EventType "team"]
[EventRounds "9"]
[EventCountry "GER"]
[SourceTitle "EXT 2008"]
[Source "ChessBase"]
[SourceDate "2007.11.25"]
[SourceVersion "1"]
[SourceVersionDate "2007.11.25"]
[SourceQuality "1"]
[WhiteTeam "Straubing II"]
[BlackTeam "Deggendorf II"]
[WhiteTeamCountry "GER"]
[BlackTeamCountry "GER"]

1. d4 d5 2. c4 c6 3. e3 a6 4. a4 Nf6 5. Nc3 e6 6. Nf3 Nbd7 7. Be2 Bd6 8. Qc2 dxc4 9. Bxc4 Nd5 10. Bd2 h6 11. Nxd5 exd5 12. Bd3 0-0 13. 0-0 Re8 14. Rfe1 Nf6 15. Bc3 Bg4 16. Nd2 Qc7 17. g3 Bh3 18. Bf5 1/2-1/2